00742cam a22002411 4500001001300000003000400013005001700017008004100034010001700075025001900092035001900111040001800130042001200148050001700160110005100177245006600228260002200294300003500316490003400351650001900385810007900404999001700483sa 64000908 DLC20260227111959.0801017s1963 ii a 000 0 eng  asa 64000908  aPL480:I-E-2255 a(OCoLC)6836670 aDLCcNICdDLC apremarc00aHC440.I5bN32 aNational Council of Applied Economic Research.10aInter-district and inter-state income differentials, 1955-56. aNew Delhic[1963] a33 p.bdiagr., tables.c24 cm.1 aIts Occasional papers,vno. 6 0aIncomezIndia.2 aNational Council of Applied Economic Research.tOccasional papers,vno. 6. c56481d56481